A dictionary of modern and contemporary art / (Record no. 374)
[ view plain ]
| 000 -LEADER | |
|---|---|
| fixed length control field | 01359nam a2200373 a 4500 |
| 001 - CONTROL NUMBER | |
| control field | 374 |
| 003 - CONTROL NUMBER IDENTIFIER | |
| rucl marc code | BD-RjUL |
| 005 - DATE AND TIME OF LATEST TRANSACTION | |
| control field | 20211208233151.0 |
| 008 - FIXED-LENGTH DATA ELEMENTS--GENERAL INFORMATION | |
| fixed length control field | 150131s2009 enk bd 000 0ceng |
| 020 ## - INTERNATIONAL STANDARD BOOK NUMBER | |
| International Standard Book Number | 0199239657 (hbk.) |
| International Standard Book Number | 9780199239658 (hbk.) |
| International Standard Book Number | 0199239665 (pbk.) |
| International Standard Book Number | 9780199239665 (pbk.) |
| 035 ## - SYSTEM CONTROL NUMBER | |
| System control number | (OCoLC)ocn299242329 |
| 040 ## - CATALOGING SOURCE | |
| Original cataloging agency | UKM |
| Transcribing agency | UKM |
| Modifying agency | YDXCP |
| -- | BWKUK |
| -- | BWK |
| -- | DLC |
| -- | BD-RjUL |
| Language of cataloging | eng |
| 041 ## - LANGUAGE CODE | |
| Language code of text/sound track or separate title | eng |
| 082 04 - DEWEY DECIMAL CLASSIFICATION NUMBER | |
| Classification number | 709.0303 |
| Edition number | 22 |
| Author mark and year | CHD 2009 |
| 100 1# - MAIN ENTRY--PERSONAL NAME | |
| Personal name | Chilvers, Ian. |
| 9 (RLIN) | 115616 |
| 245 12 - TITLE STATEMENT | |
| Title | A dictionary of modern and contemporary art / |
| Statement of responsibility, etc. | Ian Chilvers and John Glaves-Smith. |
| 246 14 - VARYING FORM OF TITLE | |
| Title proper/short title | Oxford dictionary of modern and contemporary art |
| 250 ## - EDITION STATEMENT | |
| Edition statement | 2nd ed. |
| 260 ## - PUBLICATION, DISTRIBUTION, ETC. (IMPRINT) | |
| Place of publication, distribution, etc. | Oxford ; |
| -- | New York : |
| Name of publisher, distributor, etc. | Oxford University Press, |
| Date of publication, distribution, etc. | 2009. |
| 300 ## - PHYSICAL DESCRIPTION | |
| Pagination | viii, 776 p. ; |
| Size | 24 cm. |
| 500 ## - GENERAL NOTE | |
| General note | Prev. ed. published as: of: A dictionary of twentieth century art. 1998. |
| 504 ## - BIBLIOGRAPHY, ETC. NOTE | |
| Bibliography, etc | Includes bibliographical references (p. [773]-776). |
| 650 #0 - SUBJECT ADDED ENTRY--TOPICAL TERM | |
| Topical term or geographic name as entry element | Art, Modern |
| Chronological subdivision | 20th century |
| Form subdivision | Dictionaries. |
| 9 (RLIN) | 115617 |
| Topical term or geographic name as entry element | Art, Modern |
| Chronological subdivision | 21st century |
| Form subdivision | Dictionaries. |
| 9 (RLIN) | 115618 |
| Topical term or geographic name as entry element | Artists |
| Form subdivision | Biography |
| -- | Dictionaries. |
| 9 (RLIN) | 115619 |
| 700 1# - ADDED ENTRY--PERSONAL NAME | |
| Personal name | Glaves-Smith, John. |
| Personal name | Chilvers, Ian. |
| 942 ## - ADDED ENTRY ELEMENTS (KOHA) | |
| Source of classification or shelving scheme | Dewey Decimal Classification |
| Koha item type | Books |
| Lost status | Source of classification or shelving scheme | Damaged status | Not for loan | Permanent Location | Current Location | Shelving location | Date acquired | Source of acquisition | Cost, normal purchase price | Total Checkouts | Full call number | Date last seen | Copy number | Koha item type |
|---|---|---|---|---|---|---|---|---|---|---|---|---|---|---|
| Dewey Decimal Classification | Not For Loan | Central Library, University of Rajshahi | Central Library, University of Rajshahi | 23/07/2014 | Baatighar, Chittagong | 560.50 | R 709.0303 CHD 2009 | 31/01/2015 | C-1 | Books |